000
00289nam a2200109Ia 4500
001
1265096
005
20260417142015.0
008
260417s9999 xx 000 0 und d
020
_a
9786051854816
245
0
_a
Divan Şiirinde İstanbul
_c
Asaf Halet Çelebi
260
_b
Everest Yayınları
999
_c
1265096
_d
1265096